000 00586nam a2200229Ia 4500
003 0100
008 130303s9999 xx 000 0 und d
040 _cARRUPELIB
050 _aB2430.S34S3 1962
100 _aSalvan, Jacques
245 _aTo be and not to be
245 _ban analysis of Jean-Paul Sartre's ontology
260 _aDetroit
260 _bWayne State University Press
260 _C1962
300 _axlii
300 _b 155p. 21cm.
650 _bDuns Scotus, John
650 _cMetaphysics - History
650 _dPhilosophy, medieval
942 _2lcc
_01
999 _c61532
_d61532